Movies by Meme Image #2 - Statistics

General Stats
  • This quiz has been taken 6,247 times
  • The average score is 9 of 16
Answer Stats
Picture Hint Answer % Correct
Memes, memes everywhere Toy Story 2
99%
Say "meme" again Pulp Fiction
82%
Memes? Spider-Man
81%
Impressive, very nice memes American Psycho
74%
Why shouldn't I meme? The Fellowship of the Ring
68%
"Meme" Austin Powers
66%
Meeeemes The Shining
59%
Please sir, I want some memes Oliver!
52%
See, nobody memes Jurassic Park
50%
I’m the meme now Captain Philips
48%
It’s a meme!! Return of the Jedi
47%
So meme right now Zoolander
44%
You can't handle the meme A Few Good Men
43%
Memes! Goodfellas
41%
You guys are meming? We're the Millers
36%
I was told there would be memes Office Space
31%
No matching quizzes found
Score Distribution
Percent of People with Each Score
Percentile by Number Answered
Your Score History
You have not taken this quiz